[Event "Barber/Rockefeller Qualifier"]
[Site "Chess.com"]
[Date "2020.04.11"]
[Round "?"]
[White "Velea, Stephanie"]
[Black "Ramkumar, Aditya"]
[Result "0-1"]
[WhiteElo "1842"]
[BlackElo "1645"]
[PlyCount "80"]
[EventDate "2020.??.??"]

1. e4 c5 2. Nf3 d6 3. Bb5+ Bd7 4. Bxd7+ Qxd7 5. O-O Nc6 6. c3 g6 7. d4 cxd4 8.
cxd4 Bg7 9. Nc3 e6 10. d5 Ne5 11. Nxe5 Bxe5 12. dxe6 fxe6 13. Qc2 Ne7 14. Bh6
Nc6 15. f4 Bg7 16. Bxg7 Qxg7 17. Nb5 Rd8 18. Rad1 Qe7 19. f5 O-O 20. fxg6 Rxf1+
21. Rxf1 hxg6 22. Qb3 a6 23. Qg3 Ne5 24. Nd4 Rf8 25. Rxf8+ Kxf8 26. Qh3 Kf7 27.
Qh7+ Kf6 28. Qh8+ Kf7 29. Ne2 Qf8 30. Qh4 Qe7 31. Qh7+ Kf6 32. Qh8+ Kf7 33. Nf4
a5 34. h4 Qf6 35. Qh7+ Kf8 36. Qh6+ Kf7 37. Nh3 Ng4 38. Ng5+ Ke8 39. Qh7 Qf2+
40. Kh1 Qf1# 0-1

[Event "Barber/Rockefeller Qualifier"]
[Site "Chess.com"]
[Date "2020.04.12"]
[Round "?"]
[White "Velea, Stephanie"]
[Black "Saloranta, Leo"]
[Result "1-0"]
[WhiteElo "1842"]
[BlackElo "831"]
[PlyCount "81"]
[EventDate "2020.??.??"]

1. e4 e5 2. Nf3 Nc6 3. Bc4 Bc5 4. O-O Nf6 5. d3 O-O 6. Nbd2 h6 7. h3 d6 8. c3
Be6 9. Bb3 Qd7 10. Bc2 d5 11. Qe2 d4 12. c4 Nb4 13. Bd1 Nc6 14. a3 a5 15. Re1
a4 16. Nf1 Qd6 17. Ng3 Ne7 18. Nh4 Ng6 19. Nhf5 Bxf5 20. Nxf5 Qe6 21. Qf3 c6
22. Qg3 Kh7 23. h4 Rg8 24. h5 Ne7 25. Nh4 b5 26. cxb5 cxb5 27. Bd2 Rab8 28. f4
exf4 29. Bxf4 Rb6 30. Bf3 Ne8 31. Rac1 Bd6 32. e5 Bb8 33. Bg4 Qd5 34. e6 Bxf4
35. Qxf4 f6 36. Nf5 Nxf5 37. Bxf5+ Kh8 38. e7 Nd6 39. Be6 g5 40. Qxf6+ Kh7 41.
Bxd5 1-0

[Event "Barber/Rockefeller Qualifier"]
[Site "Chess.com"]
[Date "2020.04.12"]
[Round "?"]
[White "Wang, Felicity"]
[Black "Velea, Stephanie"]
[Result "0-1"]
[WhiteElo "1667"]
[BlackElo "1842"]
[PlyCount "108"]
[EventDate "2020.??.??"]

1. e4 c5 2. Nf3 d6 3. Bb5+ Nd7 4. c3 Ngf6 5. Qe2 a6 6. Ba4 e6 7. O-O Be7 8. d4
b5 9. Bc2 Bb7 10. Re1 O-O 11. Nbd2 Rc8 12. Nf1 Re8 13. Ng3 Nf8 14. Bd3 Ng6 15.
h4 Nd7 16. h5 Nh4 17. Nxh4 Bxh4 18. Qg4 Bf6 19. Be3 Qb6 20. Bh6 Kh8 21. Bf4
cxd4 22. cxd4 Qxd4 23. Qe2 Qxb2 24. Rad1 Rc6 25. Rd2 Qa3 26. Red1 Ne5 27. Bxe5
Bxe5 28. Bb1 Bxg3 29. Rd3 Bxf2+ 30. Qxf2 Qc5 31. Qxc5 Rxc5 32. Rxd6 Kg8 33. Rb6
Rc7 34. Kf2 g6 35. hxg6 hxg6 36. Ke3 Rec8 37. Kf4 Rc1 38. Rxc1 Rxc1 39. Bd3 Rc7
40. Ke5 Rd7 41. Bf1 Kg7 42. Kf4 Rd1 43. Bxb5 Bxe4 44. Rxa6 Bxg2 45. a4 Bf1 46.
Ra8 Bxb5 47. axb5 Rb1 48. Rb8 Kf6 49. b6 Rb4+ 50. Ke3 g5 51. Kd3 Kg7 52. Kc3
Rb1 53. Kc2 Rb5 54. Kc3 g4 0-1

[Event "Barber/Rockefeller Qualifier"]
[Site "Chess.com"]
[Date "2020.04.12"]
[Round "?"]
[White "Velea, Stephanie"]
[Black "Liu, Erik"]
[Result "1/2-1/2"]
[WhiteElo "1842"]
[BlackElo "1817"]
[PlyCount "56"]
[EventDate "2020.??.??"]

1. e4 c5 2. Nf3 d6 3. Bb5+ Bd7 4. Bxd7+ Qxd7 5. O-O g6 6. c3 Bg7 7. d4 cxd4 8.
cxd4 Nc6 9. Nc3 Nf6 10. d5 Ne5 11. Nxe5 dxe5 12. h3 O-O 13. Be3 Ne8 14. Rc1 Nd6
15. Qd3 f5 16. f3 f4 17. Bf2 h5 18. b3 b6 19. Rc2 g5 20. Qe2 Rac8 21. Rfc1 Bh6
22. Na4 Rxc2 23. Rxc2 Rc8 24. Rc3 Rxc3 25. Nxc3 Qc8 26. Be1 Qc5+ 27. Qf2 Qc8
28. Qe2 Bf8 1/2-1/2

[Event "Barber/Rockefeller Qualifier"]
[Site "Chess.com"]
[Date "2020.04.11"]
[Round "?"]
[White "Liu, Erik"]
[Black "Singh, Saket"]
[Result "1-0"]
[WhiteElo "1817"]
[BlackElo "1494"]
[PlyCount "83"]
[EventDate "2020.??.??"]

1. d4 d5 2. c4 e6 3. Nc3 Nf6 4. Bf4 Nbd7 5. Nf3 Bb4 6. e3 c6 7. a3 Be7 8. c5
O-O 9. Bd3 b6 10. b4 a5 11. O-O Ba6 12. b5 cxb5 13. c6 Nb8 14. c7 Qd7 15.
cxb8=Q Rfxb8 16. Bxb8 Rxb8 17. Ne5 Qc7 18. Nxb5 Qd8 19. Nc6 Qe8 20. Nxb8 Bxb5
21. Bxb5 Qxb8 22. Rc1 h5 23. Qc2 Qd6 24. a4 Ng4 25. g3 h4 26. Qe2 f5 27. Rc6
Qd7 28. Rfc1 Kf7 29. h3 Nf6 30. Rxb6 Qa7 31. Rcc6 Nd7 32. Ra6 Qb7 33. Rxe6 Nf8
34. Qh5+ Kg8 35. Rec6 Qb8 36. Rcb6 Qc7 37. Be8 Bf6 38. Rxf6 gxf6 39. Rxf6 Qg7
40. Bf7+ Qxf7 41. Qxf7+ Kh8 42. Rh6+ 1-0

[Event "Barber/Rockefeller Qualifier"]
[Site "Chess.com"]
[Date "2020.04.12"]
[Round "?"]
[White "Ramkumar, Aditya"]
[Black "Liu, Erik"]
[Result "1-0"]
[WhiteElo "1645"]
[BlackElo "1817"]
[PlyCount "50"]
[EventDate "2020.??.??"]

1. e4 c5 2. Nf3 d6 3. d4 cxd4 4. Nxd4 Nf6 5. Nc3 a6 6. Be3 e6 7. f3 h5 8. Be2
Bd7 9. Qd2 Nc6 10. O-O Be7 11. Nb3 b5 12. a3 O-O 13. Rfd1 Rc8 14. Kh1 Ne5 15.
Bf4 Nc4 16. Bxc4 bxc4 17. Nc1 d5 18. exd5 Nxd5 19. Nxd5 exd5 20. Qxd5 Ba4 21.
Qxd8 Rfxd8 22. Rxd8+ Rxd8 23. Ne2 Bxc2 24. Rc1 Bd3 25. Nc3 Rb8 1-0

[Event "Barber/Rockefeller Qualifier"]
[Site "Chess.com"]
[Date "2020.04.12"]
[Round "?"]
[White "Liu, Erik"]
[Black "Szeto, Sophie"]
[Result "1-0"]
[WhiteElo "1817"]
[BlackElo "1705"]
[PlyCount "73"]
[EventDate "2020.??.??"]

1. d4 d5 2. c4 e6 3. Nc3 Nf6 4. Bf4 Be7 5. Nf3 O-O 6. e3 Nbd7 7. Be2 b6 8. cxd5
exd5 9. h3 Bb7 10. O-O c5 11. dxc5 bxc5 12. a4 Qb6 13. Bb5 Bc6 14. a5 Qb7 15.
a6 Qb6 16. Qa4 Bxb5 17. Qxb5 Qxb5 18. Nxb5 Nb6 19. Rfd1 Ne4 20. Bc7 Nc4 21.
Rxd5 Nxb2 22. Re5 Nxf2 23. Rxe7 Nfd3 24. Bd6 Rfd8 25. e4 c4 26. e5 Rdc8 27. Rc7
Rd8 28. Nxa7 c3 29. Nb5 Rdc8 30. Rxc8+ Rxc8 31. Nxc3 Ra8 32. a7 Nc4 33. Nb5 Nb6
34. Nc7 Rc8 35. a8=Q Nxa8 36. Rxa8 Rxa8 37. Nxa8 1-0

[Event "Barber/Rockefeller Qualifier"]
[Site "Chess.com"]
[Date "2020.04.11"]
[Round "?"]
[White "Roesch, Carson"]
[Black "Wang, Felicity"]
[Result "0-1"]
[WhiteElo "1758"]
[BlackElo "1667"]
[PlyCount "108"]
[EventDate "2020.??.??"]

1. c4 e5 2. g3 Nf6 3. Bg2 d5 4. cxd5 Nxd5 5. Nc3 Nb6 6. Nf3 Nc6 7. O-O Be7 8.
b3 O-O 9. Bb2 f5 10. e3 e4 11. Ne1 Nb4 12. Ne2 Bf6 13. Bxf6 Rxf6 14. a3 Nd3 15.
Nxd3 Qxd3 16. Nf4 Qd6 17. d3 g5 18. Nh3 g4 19. Nf4 exd3 20. Qxd3 c6 21. Qxd6
Rxd6 22. Rfd1 Rxd1+ 23. Rxd1 Bd7 24. Nd3 Re8 25. Nc5 Bc8 26. Rd4 Kf7 27. Kf1
Ke7 28. Ke2 Rf8 29. h4 Rf6 30. Kd3 Rd6 31. e4 fxe4+ 32. Bxe4 h6 33. Rxd6 Kxd6
34. Kd4 Na8 35. Nd3 Nc7 36. Ke3 Nd5+ 37. Bxd5 Kxd5 38. h5 b5 39. b4 Bf5 40.
Nf4+ Kc4 41. Ng6 Kb3 42. Ne5 Kxa3 43. Nxc6 a6 44. f3 gxf3 45. Kxf3 Bd7 46. Nb8
Bc8 47. Nc6 Bb7 48. g4 Bxc6+ 49. Kf4 Bd7 50. g5 hxg5+ 51. Kxg5 Be6 52. h6 Bg8
53. Kg6 Bc4 54. h7 Bd3+ 0-1

[Event "Barber/Rockefeller Qualifier"]
[Site "Chess.com"]
[Date "2020.04.12"]
[Round "?"]
[White "Wong-Godfrey, Emerson"]
[Black "Roesch, Carson"]
[Result "0-1"]
[WhiteElo "1522"]
[BlackElo "1758"]
[PlyCount "84"]
[EventDate "2020.??.??"]

1. e4 c5 2. Nf3 d6 3. c3 Nf6 4. Be2 Nc6 5. Qc2 Bg4 6. h3 Bxf3 7. Bxf3 e5 8. d3
Be7 9. Be3 O-O 10. Nd2 d5 11. exd5 Nxd5 12. Bxd5 Qxd5 13. Nf3 Rad8 14. O-O-O
Qxa2 15. g4 Na5 16. Qb1 Qxb1+ 17. Kxb1 f6 18. h4 Nc6 19. Kc2 Rd7 20. h5 Rfd8
21. Nh4 b6 22. Nf5 Kf7 23. f4 Bd6 24. fxe5 Bxe5 25. Rhf1 Ne7 26. g5 Nxf5 27.
Rxf5 Re8 28. gxf6 Bxf6 29. Bg5 Re2+ 30. Kb3 Ke6 31. Rdf1 Bxg5 32. Rxg5 Re3 33.
d4 cxd4 34. Rf8 Rf7 35. Re8+ Kf6 36. Rxe3 dxe3 37. Rg3 Re7 38. Rf3+ Kg5 39. Rf1
e2 40. Re1 Kf4 41. Kc2 Kf3 42. Kd2 Kf2 0-1

[Event "Barber/Rockefeller Qualifier"]
[Site "Chess.com"]
[Date "2020.04.12"]
[Round "?"]
[White "Roesch, Carson"]
[Black "Chen, Angela"]
[Result "1-0"]
[WhiteElo "1758"]
[BlackElo "1559"]
[PlyCount "87"]
[EventDate "2020.??.??"]

1. f4 d5 2. Nf3 Nc6 3. e3 a6 4. b3 Nf6 5. Bb2 Bf5 6. Be2 e6 7. d3 h6 8. Qd2 Be7
9. Nc3 O-O 10. O-O-O Bd6 11. h3 Ne7 12. g4 Bh7 13. g5 hxg5 14. Nxg5 Bg6 15. Nb1
Nh5 16. Rdg1 Nf5 17. Bxh5 Bxh5 18. e4 dxe4 19. dxe4 Bc5 20. exf5 Qxd2+ 21. Nxd2
Bxg1 22. Rxg1 exf5 23. Ne6 fxe6 24. Rxg7+ Kh8 25. Rxc7+ Kg8 26. Rg7+ Kh8 27.
Rxb7+ Kg8 28. Rg7+ Kh8 29. Rg5+ Kh7 30. Rxh5+ Kg8 31. Nf3 Kf7 32. Ne5+ Ke8 33.
Ba3 Rg8 34. Rh7 Kd8 35. Nc6+ Ke8 36. Re7+ Kf8 37. Ra7+ Ke8 38. Rxa8+ Kf7 39.
Ne5+ Kg7 40. Rxg8+ Kxg8 41. c4 Kg7 42. c5 Kf6 43. c6 Kg7 44. c7 1-0

[Event "Barber/Rockefeller Qualifier"]
[Site "Chess.com"]
[Date "2020.04.12"]
[Round "?"]
[White "Szeto, Sophie"]
[Black "Sankar, Abhay"]
[Result "1-0"]
[WhiteElo "1705"]
[BlackElo "1503"]
[PlyCount "123"]
[EventDate "2020.??.??"]

1. e4 e6 2. d4 d5 3. e5 c5 4. c3 Nc6 5. Nf3 Qb6 6. a3 Nge7 7. Be2 Nf5 8. g4
Nfe7 9. b4 cxd4 10. cxd4 a6 11. Nc3 Ng6 12. Be3 Be7 13. h4 h5 14. gxh5 Rxh5 15.
Bd3 Nxh4 16. Nxh4 Rxh4 17. Rxh4 Bxh4 18. Qh5 Be7 19. Na4 Qd8 20. Ke2 Kd7 21.
Qxf7 Kc7 22. Nc5 Bd7 23. Nxe6+ Bxe6 24. Qxe6 Bg5 25. Qd6+ Kb6 26. Qxd8+ Bxd8
27. Rg1 g5 28. Bc2 a5 29. bxa5+ Rxa5 30. a4 Ka7 31. Rb1 Bb6 32. Kd3 Bd8 33. Bd2
Ra6 34. Rb5 Be7 35. Rxd5 Bb4 36. e6 Bxd2 37. Kxd2 Nb4 38. Re5 Nxc2 39. Kxc2
Rc6+ 40. Kd3 Rc8 41. e7 Re8 42. Ke4 Kb8 43. Kf5 Kc7 44. Kf6 Kd7 45. Rd5+ Kc6
46. Rd8 Rxe7 47. Kxe7 Kb6 48. Rb8 Kc6 49. d5+ Kc7 50. d6+ Kxb8 51. d7 Kc7 52.
d8=Q+ Kc6 53. Ke6 Kc5 54. Qxg5+ Kb4 55. Qb5+ Kc3 56. Qd5 Kb4 57. Kd6 Kxa4 58.
Qxb7 Ka3 59. Kc5 Ka2 60. Kc4 Ka1 61. Kc3 Ka2 62. Qb2# 1-0

[Event "Barber/Rockefeller Qualifier"]
[Site "Chess.com"]
[Date "2020.04.12"]
[Round "?"]
[White "Wang, Felicity"]
[Black "Chen, Angela"]
[Result "1-0"]
[WhiteElo "1667"]
[BlackElo "1559"]
[PlyCount "57"]
[EventDate "2020.??.??"]

1. e4 e5 2. Nf3 Nc6 3. Bb5 a6 4. Ba4 Nf6 5. d3 b5 6. Bb3 h6 7. c3 d6 8. Nbd2
Be7 9. Nf1 O-O 10. Ng3 Bg4 11. h3 Bd7 12. O-O Na5 13. Bc2 Qc8 14. Nh2 c6 15. f4
Re8 16. Qf3 Bd8 17. Be3 d5 18. fxe5 dxe4 19. Nxe4 Rxe5 20. Nxf6+ Bxf6 21. d4
Re6 22. Ng4 Qd8 23. Bf5 Re7 24. Bxd7 Rxd7 25. Nxf6+ gxf6 26. Bxh6 Kh7 27. Qh5
Nc4 28. Bg5+ Kg8 29. Bxf6 1-0

[Event "Barber/Rockefeller Qualifier"]
[Site "Chess.com"]
[Date "2020.04.12"]
[Round "?"]
[White "Chen, Angela"]
[Black "Saloranta, Leo"]
[Result "1-0"]
[WhiteElo "1559"]
[BlackElo "831"]
[PlyCount "59"]
[EventDate "2020.??.??"]

1. e4 e5 2. Nf3 Nc6 3. Bc4 Bc5 4. d3 Nf6 5. Bg5 O-O 6. O-O h6 7. Bh4 d6 8. h3
Bd7 9. Nc3 Be6 10. Nd5 Bxd5 11. Bxd5 Qe7 12. a3 Rad8 13. Nh2 Qd7 14. Bxf6 gxf6
15. Qh5 Kh7 16. Ng4 Qe7 17. Qxh6+ Kg8 18. Nxf6+ Qxf6 19. Qxf6 a5 20. Qg6+ Kh8
21. Bxf7 Rxf7 22. Qxf7 Bb6 23. g4 Rg8 24. Qh5+ Kg7 25. g5 Ne7 26. Qh6+ Kf7 27.
Qf6+ Ke8 28. h4 Rg6 29. Qf3 c6 30. Qg4 1-0

[Event "Barber/Rockefeller Qualifier"]
[Site "Chess.com"]
[Date "2020.04.12"]
[Round "?"]
[White "Wang, Daniel"]
[Black "Singh, Saket"]
[Result "0-1"]
[WhiteElo "1476"]
[BlackElo "1494"]
[PlyCount "66"]
[EventDate "2020.??.??"]

1. e4 e5 2. Nf3 Nc6 3. Bb5 a6 4. Ba4 Nf6 5. O-O Be7 6. Re1 b5 7. Bb3 O-O 8. c3
d6 9. h3 Na5 10. Bc2 c5 11. d4 Qc7 12. d5 Bd7 13. b3 h6 14. Be3 Nb7 15. Nbd2
Rfb8 16. Qe2 Rc8 17. Rab1 c4 18. bxc4 bxc4 19. Bb6 Qb8 20. a4 Bd8 21. Nxc4 Bxb6
22. Nxb6 Rxc3 23. Nxa8 Qxa8 24. Qd2 Rc8 25. Rb6 Qa7 26. Reb1 Nc5 27. Qa5 Ncxe4
28. Bxe4 Nxe4 29. Rxa6 Qxf2+ 30. Kh1 Bxh3 31. Nh4 Qxh4 32. Qe1 Bxg2+ 33. Kxg2
Rc2+ 0-1

[Event "Barber/Rockefeller Qualifier"]
[Site "Chess.com"]
[Date "2020.04.12"]
[Round "?"]
[White "Singh, Saket"]
[Black "Wong-Godfrey, Emerson"]
[Result "1-0"]
[WhiteElo "1494"]
[BlackElo "1522"]
[PlyCount "39"]
[EventDate "2020.??.??"]

1. e4 c6 2. d4 d5 3. e5 Bf5 4. Nf3 Nd7 5. Nc3 e6 6. Be2 c5 7. Be3 Qb6 8. Rb1
cxd4 9. Bxd4 Bc5 10. Nb5 Bxd4 11. Nbxd4 Qa5+ 12. b4 Qxa2 13. Qc1 Qa4 14. Bb5
Qa2 15. Ra1 Qxa1 16. Qxa1 Rc8 17. O-O Bxc2 18. Nxc2 Rxc2 19. Qxa7 Nh6 20. Qa8+
1-0

[Event "Barber/Rockefeller Qualifier"]
[Site "Chess.com"]
[Date "2020.04.12"]
[Round "?"]
[White "Saloranta, Leo"]
[Black "Wang, Daniel"]
[Result "1-0"]
[WhiteElo "831"]
[BlackElo "1476"]
[PlyCount "51"]
[EventDate "2020.??.??"]

1. f4 d5 2. e3 Nc6 3. Nf3 Bg4 4. Bb5 Nf6 5. h3 Bd7 6. Nc3 e6 7. O-O Bd6 8. d4
O-O 9. a3 a6 10. Bd3 Ne7 11. Ne5 Nf5 12. Bxf5 exf5 13. Nxd7 Qxd7 14. b4 Rfe8
15. Bd2 a5 16. Na2 axb4 17. Nxb4 c5 18. Nd3 b6 19. Ne5 Bxe5 20. fxe5 Ne4 21.
dxc5 bxc5 22. Bc1 Rxe5 23. Bb2 Re6 24. Ra2 Rea6 25. Qd3 Rd8 26. Qxa6 1-0

[Event "Barber/Rockefeller Qualifier"]
[Site "Chess.com"]
[Date "2020.04.12"]
[Round "?"]
[White "Sankar, Abhay"]
[Black "Wang, Daniel"]
[Result "1-0"]
[WhiteElo "1503"]
[BlackElo "1476"]
[PlyCount "85"]
[EventDate "2020.??.??"]

1. d4 Nf6 2. c4 c5 3. d5 d6 4. Nc3 e6 5. Nf3 exd5 6. cxd5 Nbd7 7. e4 Be7 8. Bg5
O-O 9. Bc4 Re8 10. O-O a6 11. a4 Qb6 12. Qb3 Qxb3 13. Bxb3 Rb8 14. Bc4 Nb6 15.
Be2 Bg4 16. h3 Bh5 17. Rfd1 Bxf3 18. Bxf3 Nc4 19. Rab1 b5 20. axb5 axb5 21. b4
cxb4 22. Rxb4 Na3 23. Rb3 Ra8 24. Ra1 b4 25. Rxb4 Nxd5 26. exd5 Bxg5 27. Nb5
Nxb5 28. Rxa8 Rxa8 29. Rxb5 g6 30. Rb7 Kg7 31. Rd7 Ra3 32. Kf1 Bf4 33. Bg4 Kf6
34. g3 h5 35. gxf4 hxg4 36. hxg4 Ra4 37. g5+ Kg7 38. Rxd6 Rxf4 39. Rc6 Rf5 40.
Ke2 Rxg5 41. Rc5 Kf6 42. Ke3 Ke7 43. d6+ 1-0

[Event "Barber/Rockefeller Qualifier"]
[Site "Chess.com"]
[Date "2020.04.11"]
[Round "?"]
[White "Goktepe, Derin"]
[Black "Shen, Lixing"]
[Result "1-0"]
[WhiteElo "1930"]
[BlackElo "1479"]
[PlyCount "49"]
[EventDate "2020.??.??"]

1. d4 d5 2. c4 e6 3. Nc3 Nf6 4. cxd5 exd5 5. Bg5 Be6 6. e3 Bb4 7. Bd3 O-O 8.
Qc2 g6 9. Nge2 Nbd7 10. O-O Bd6 11. f4 Bg4 12. Nxd5 Nxd5 13. Bxd8 Nxe3 14. Qc1
Nxf1 15. Bh4 Nxh2 16. Kxh2 Nb6 17. Bg3 Nd5 18. Nc3 Nf6 19. Ne4 Rad8 20. Nxf6+
Kg7 21. Nxg4 Bb4 22. f5 Rxd4 23. Qh6+ Kg8 24. Nf6+ Kh8 25. Qxh7# 1-0

[Event "Barber/Rockefeller Qualifier"]
[Site "Chess.com"]
[Date "2020.04.11"]
[Round "?"]
[White "Li, Edward"]
[Black "Goktepe, Derin"]
[Result "1/2-1/2"]
[WhiteElo "1595"]
[BlackElo "1930"]
[PlyCount "90"]
[EventDate "2020.??.??"]

1. e4 e5 2. Nf3 Nc6 3. Nc3 Nf6 4. Bb5 Bb4 5. O-O O-O 6. d3 d6 7. Bg5 Bxc3 8.
bxc3 Qe7 9. Bxc6 bxc6 10. h3 h6 11. Bh4 g5 12. Bg3 g4 13. hxg4 Bxg4 14. Bh4 Qe6
15. Qd2 Nh5 16. Nh2 Qg6 17. Nxg4 Qxg4 18. Bg3 Kh7 19. Rae1 Rg8 20. Re3 Nf4 21.
Rf3 h5 22. Kh2 h4 23. Rh1 hxg3+ 24. Kg1+ Nh5 25. Rxg3 Qg6 26. Rxg6 fxg6 27. g4
Rab8 28. Qd1 Rb2 29. gxh5 g5 30. Qg4 Rf8 31. Qd7+ Kh8 32. Qxc7 Rxc2 33. Qxa7
Rd2 34. h6 Rg8 35. h7 Rf8 36. Qe3 Rxa2 37. Rh2 Rf4 38. Qg3 Ra1+ 39. Kg2 Ra2 40.
Kf1 Ra1+ 41. Ke2 Ra2+ 42. Ke3 g4 43. Qxf4 exf4+ 44. Kxf4 g3 45. Kxg3 Rd2
1/2-1/2

[Event "Barber/Rockefeller Qualifier"]
[Site "Chess.com"]
[Date "2020.04.12"]
[Round "?"]
[White "Goktepe, Derin"]
[Black "Jammalamadaka, Varnika"]
[Result "1/2-1/2"]
[WhiteElo "1930"]
[BlackElo "1592"]
[PlyCount "73"]
[EventDate "2020.??.??"]

1. d4 d5 2. c4 c6 3. Nc3 dxc4 4. Nf3 Nf6 5. e4 b5 6. a4 b4 7. Na2 Nxe4 8. Bxc4
e6 9. Ne5 Nf6 10. O-O Be7 11. Bg5 a5 12. Rc1 O-O 13. Bd3 Bb7 14. Bb1 Qd5 15.
Bxf6 Bxf6 16. Rc5 Qd8 17. Re1 Be7 18. Rc1 Bg5 19. Qd3 g6 20. Rcd1 Qd5 21. b3 c5
22. Qh3 Qd6 23. dxc5 Qxc5 24. Nc1 Bd5 25. Qg3 Bh6 26. Ng4 Bg7 27. Ne3 Bb7 28.
Nd3 Qe7 29. Nc4 Nc6 30. Nde5 Nxe5 31. Nxe5 Rfd8 32. h3 Qf6 33. Nc4 Rxd1 34.
Rxd1 Rd8 35. Rxd8+ Qxd8 36. Kh2 Bd5 37. Bd3 1/2-1/2

[Event "Barber/Rockefeller Qualifier"]
[Site "Chess.com"]
[Date "2020.04.12"]
[Round "?"]
[White "Zhang, Iris"]
[Black "Goktepe, Derin"]
[Result "1/2-1/2"]
[WhiteElo "1578"]
[BlackElo "1930"]
[PlyCount "82"]
[EventDate "2020.??.??"]

1. e4 e5 2. Nf3 Nc6 3. Nc3 Nf6 4. d4 exd4 5. Nxd4 Bb4 6. Nxc6 bxc6 7. Bd3 d5 8.
exd5 cxd5 9. O-O O-O 10. Bg5 c6 11. h3 Bb7 12. Qf3 Be7 13. Rfe1 c5 14. Re5 c4
15. Bxc4 dxc4 16. Qxb7 Bd6 17. Rd5 Rb8 18. Qc6 Rb6 19. Qxc4 h6 20. Bxf6 Qxf6
21. Na4 Rb4 22. Qd3 Rxa4 23. Rxd6 Qxb2 24. Rd1 Rxa2 25. Rd2 Ra1+ 26. Rd1 Re8
27. Kh2 Rxd1 28. Qxd1 Qc3 29. Ra6 Qc8 30. Ra2 Qc5 31. Qd2 Qe5+ 32. g3 Qc5 33.
Ra5 Qb6 34. Kg2 Qc6+ 35. Kg1 Rb8 36. Qc1 Qb7 37. Qa1 Rd8 38. Ra3 Rd2 39. Qc1
Qd5 40. Ra1 Qd4 41. Qe1 Rxf2 1/2-1/2

[Event "Barber/Rockefeller Qualifier"]
[Site "Chess.com"]
[Date "2020.04.12"]
[Round "?"]
[White "Goktepe, Derin"]
[Black "Zhu, Jamie"]
[Result "1-0"]
[WhiteElo "1930"]
[BlackElo "1581"]
[PlyCount "77"]
[EventDate "2020.??.??"]

1. d4 d5 2. c4 c6 3. Nc3 Nf6 4. e3 e6 5. b3 Bd6 6. Bb2 Nbd7 7. Bd3 b6 8. Nge2
Bb7 9. O-O Rc8 10. Ng3 O-O 11. Rc1 c5 12. cxd5 Nxd5 13. dxc5 Nxc5 14. Bb1 Nf6
15. Kh1 Qc7 16. Nh5 Nxh5 17. Qxh5 h6 18. Ne4 Bxe4 19. Bxe4 Bxh2 20. b4 Nxe4 21.
Rxc7 Bxc7 22. Qg4 Ng5 23. f4 f5 24. Qh5 Ne4 25. Qg6 Rf7 26. Qxe6 Rcf8 27. Kh2
Kh7 28. Rf3 Nd2 29. Rh3 Ne4 30. Bxg7 Rf6 31. Bxf6 Rxf6 32. Qd7+ Kg8 33. Qxc7
Rf7 34. Qd8+ Kh7 35. Qe8 Nd6 36. Qe6 Rf6 37. Qxf6 Nf7 38. Qxf7+ Kh8 39. Rxh6#
1-0

[Event "Barber/Rockefeller Qualifier"]
[Site "Chess.com"]
[Date "2020.04.11"]
[Round "?"]
[White "Williamson, Mobius"]
[Black "Min, Ryan"]
[Result "0-1"]
[WhiteElo "1478"]
[BlackElo "1915"]
[PlyCount "76"]
[EventDate "2020.??.??"]

1. c4 Nf6 2. Nc3 g6 3. g3 Bg7 4. Bg2 O-O 5. Nf3 d6 6. d3 Nc6 7. O-O e5 8. Bd2
Nh5 9. Rb1 a5 10. a3 f5 11. b4 axb4 12. axb4 f4 13. b5 Ne7 14. Ne1 g5 15. Ra1
Rxa1 16. Qxa1 g4 17. Qa7 b6 18. Nd5 Nxd5 19. Bxd5+ Kh8 20. Nc2 Qf6 21. Bg2 f3
22. exf3 gxf3 23. Bh1 Bh3 24. Ra1 Bg2 25. Qxc7 Bxh1 26. Kxh1 Qf5 27. Ne1 Qh3
28. Kg1 Nf4 29. Bxf4 exf4 30. Ra7 Bd4 31. Nxf3 fxg3 32. hxg3 Qxg3+ 33. Kh1
Qxf3+ 34. Kh2 Qxf2+ 35. Kh3 Rf3+ 36. Kg4 Qg3+ 37. Kh5 Rf5+ 38. Kh6 Be3# 0-1

[Event "Barber/Rockefeller Qualifier"]
[Site "Chess.com"]
[Date "2020.04.11"]
[Round "?"]
[White "Min, Ryan"]
[Black "Zhou, Leonardo"]
[Result "1-0"]
[WhiteElo "1915"]
[BlackElo "1594"]
[PlyCount "141"]
[EventDate "2020.??.??"]

1. d4 d5 2. c4 e6 3. Nc3 Nf6 4. cxd5 exd5 5. Bg5 Be7 6. e3 O-O 7. Bd3 h6 8. Bf4
b6 9. Nge2 Bb7 10. O-O c5 11. Qc2 Nc6 12. Rad1 cxd4 13. exd4 Nb4 14. Qb1 Nxd3
15. Qxd3 Rc8 16. Ng3 Bd6 17. Bxd6 Qxd6 18. Nf5 Qd7 19. Qf3 h5 20. h3 g6 21. Ne3
Kg7 22. Rfe1 Rfe8 23. Rc1 Ne4 24. Nxe4 dxe4 25. Qg3 Kh7 26. Qf4 Kg7 27. Rxc8
Rxc8 28. Rd1 Re8 29. Nc4 Qa4 30. b3 Qxa2 31. Nd6 Re7 32. Nxb7 Rxb7 33. Qe5+ Kh7
34. Rc1 Qxb3 35. Rc8 f6 36. Qe8 Kh6 37. Qxe4 Qf7 38. d5 Rd7 39. d6 Kg7 40. Qc6
Qe6 41. Rc7 Qe1+ 42. Kh2 Qe5+ 43. g3 Rf7 44. Qc4 Qe8 45. Rxf7+ Qxf7 46. Qc7 Kf8
47. d7 Qe7 48. d8=Q+ Qxd8 49. Qxd8+ Kg7 50. Qc7+ Kh6 51. h4 g5 52. Qf7 gxh4 53.
gxh4 f5 54. Qxf5 Kg7 55. Qxh5 Kf6 56. Qg5+ Ke6 57. h5 Kd6 58. h6 a5 59. h7 Kc6
60. h8=Q b5 61. Qc8+ Kd6 62. Qf6+ Kd5 63. Qcf5+ Kc4 64. Qc6+ Kb3 65. Qcf3+ Kb4
66. Q3e4+ Kb3 67. Qfd5+ Kb2 68. Qd2+ Kb3 69. Qdd3+ Kb2 70. Qee2+ Ka1 71. Qdd1#
1-0

[Event "Barber/Rockefeller Qualifier"]
[Site "Chess.com"]
[Date "2020.04.12"]
[Round "?"]
[White "Shi, Ted"]
[Black "Min, Ryan"]
[Result "1-0"]
[WhiteElo "1689"]
[BlackElo "1915"]
[PlyCount "77"]
[EventDate "2020.??.??"]

1. d4 Nf6 2. c4 g6 3. Nc3 Bg7 4. e4 d6 5. f3 O-O 6. Be3 c5 7. dxc5 dxc5 8. Qxd8
Rxd8 9. Bxc5 Nc6 10. Nge2 b6 11. Ba3 Nd7 12. O-O-O Ba6 13. b3 Nde5 14. Kc2 Rxd1
15. Nxd1 Rd8 16. Nf2 Bh6 17. f4 Nd7 18. g3 Nc5 19. Bg2 Bg7 20. e5 Nd4+ 21. Nxd4
Rxd4 22. Rd1 Rxd1 23. Nxd1 f6 24. Bb2 fxe5 25. Bxe5 Bxe5 26. fxe5 Kf7 27. Kc3
Ke6 28. Kd4 Kf5 29. Ne3+ Kg5 30. Bc6 Bc8 31. Nd5 e6 32. Nc7 Kg4 33. b4 Nd7 34.
Nxe6 Nb8 35. Bd5 Nc6+ 36. Bxc6 Bxe6 37. Bd5 Bd7 38. e6 Be8 39. c5 1-0

[Event "Barber/Rockefeller Qualifier"]
[Site "Chess.com"]
[Date "2020.04.12"]
[Round "?"]
[White "Min, Ryan"]
[Black "Saravanan, Sujan"]
[Result "1-0"]
[WhiteElo "1915"]
[BlackElo "1529"]
[PlyCount "67"]
[EventDate "2020.??.??"]

1. d4 Nf6 2. c4 c5 3. d5 e6 4. Nc3 exd5 5. cxd5 d6 6. e4 g6 7. Bd3 Bg7 8. Nge2
O-O 9. O-O Nbd7 10. h3 Nb6 11. Ng3 Bd7 12. f4 Re8 13. Qf3 Qc7 14. Be3 Re7 15.
Rae1 Rae8 16. e5 dxe5 17. f5 c4 18. Bc2 Qd6 19. Bg5 Nbxd5 20. Nxd5 Nxd5 21.
Bxe7 Rxe7 22. fxg6 fxg6 23. Rd1 Qb6+ 24. Kh1 Ne3 25. Be4 Nxd1 26. Qxd1 Qe3 27.
Qd6 Qg5 28. Bd5+ Kh8 29. Ne4 Qh4 30. Qc7 Be8 31. Qd8 h6 32. Nd6 Kh7 33. Nxe8
Qg5 34. Nf6+ 1-0

[Event "Barber/Rockefeller Qualifier"]
[Site "Chess.com"]
[Date "2020.04.12"]
[Round "?"]
[White "Willy, Stephen"]
[Black "Min, Ryan"]
[Result "0-1"]
[WhiteElo "1662"]
[BlackElo "1915"]
[PlyCount "46"]
[EventDate "2020.??.??"]

1. e4 e5 2. Nf3 Nc6 3. Bc4 Bc5 4. b4 Bxb4 5. Bb2 d6 6. O-O Nf6 7. c3 Ba5 8. d4
Qe7 9. Ng5 O-O 10. Nd2 Bb6 11. Nb3 h6 12. Nf3 Bg4 13. a4 a6 14. Bc1 exd4 15.
cxd4 Qxe4 16. Re1 Qf5 17. Bd3 Qd7 18. Kh1 Nxd4 19. Nbxd4 Bxd4 20. Bh7+ Kxh7 21.
Qxd4 Rfe8 22. Rg1 Re4 23. Qd5 Nxd5 0-1